Statistics for Men in Black quiz

Click here to take the quiz!

General Stats

  • This quiz has been taken 70 times
  • The average score is 8 of 17

Answer Stats

HintAnswer% Correct
Who played Agent J?Will Smith
98%
Who played Agent K?Tommy Lee Jones
84%
What year was Men in Black realeased?1997
81%
What year was Men in Black 2 realeased?2002
77%
What year was Men in Black 3 realeased?2012
75%
This pop star had a cameo in Men in Black 2Michael Jackson
46%
Where do the first two Men in Black films take place?New York City
44%
Who played the young agent K?Josh Brolin
42%
Who played Agent Zed?Rip Torn
40%
What famous statue is a giant version of the above?Statue of Liberty
37%
Where did Boris die in Men in Black 3?Kennedy Space Center
35%
Who played Agent Oh?Emma Thompson
28%
Deviced used by the Men in Black to erase memoriesNeuralyzer
18%
Who directed the Men in Black movies?Barry Sonnenfeld
14%
Who played Jack Jeebs?Tony Shalhoub
12%
Opposite of the aboveDeneuralyzer
11%
Who played Boris?Jemaine Clement
11%

Score Distribution

Percentile by Number Answered

Percent of People with Each Score

Your Score History

You have not taken this quiz